Berufsvorstellungen, berufliche Lage und soziale Situation von Ärztinnen und Ärzten am Studienende und zu Weiterbildungsbeginn: erste Ergebnisse der KarMed-Studie
Saved in:
| Main Authors: | , , |
|---|---|
| Other Authors: | , , , , , , , |
| Format: | Chapter/Article Conference Paper |
| Language: | German |
| Published: |
2013
|
| In: |
Perspektiven junger Ärztinnen und Ärzte in der Patientenversorgung
Year: 2013, Pages: 149-161 |
| Online Access: |
|
| Author Notes: | Hendrik van den Bussche, Jana Jünger, Bernt-Peter Robra, A n i t a Schmidt, Christoph Stosch, Richard Wagner, Martin Scherer, Kathleen Pöge, Dorothee Alfermann, Carsten Wonneberger, Benjamin Cedrose |
MARC
| LEADER | 00000caa a2200000 c 4500 | ||
|---|---|---|---|
| 001 | 737122021 | ||
| 003 | DE-627 | ||
| 005 | 20230710093000.0 | ||
| 007 | tu | ||
| 008 | 130226s2013 xx ||||| 00| ||ger c | ||
| 035 | |a (DE-627)737122021 | ||
| 035 | |a (DE-576)973712202X | ||
| 035 | |a (DE-599)GBV737122021 | ||
| 035 | |a (OCoLC)1389737717 | ||
| 040 | |a DE-627 |b ger |c DE-627 |e rakwb | ||
| 041 | |a ger | ||
| 084 | |a 33 |2 sdnb | ||
| 100 | 1 | |a Bussche, Hendrik van den |d 1945-2023 |0 (DE-588)1027685129 |0 (DE-627)729557901 |0 (DE-576)16577343X |4 aut | |
| 245 | 1 | 0 | |a Berufsvorstellungen, berufliche Lage und soziale Situation von Ärztinnen und Ärzten am Studienende und zu Weiterbildungsbeginn |b erste Ergebnisse der KarMed-Studie |c Hendrik van den Bussche, Jana Jünger, Bernt-Peter Robra, A n i t a Schmidt, Christoph Stosch, Richard Wagner, Martin Scherer, Kathleen Pöge, Dorothee Alfermann, Carsten Wonneberger, Benjamin Cedrose |
| 264 | 1 | |c 2013 | |
| 300 | |a 13 | ||
| 336 | |a Text |b txt |2 rdacontent | ||
| 337 | |a ohne Hilfsmittel zu benutzen |b n |2 rdamedia | ||
| 338 | |a Band |b nc |2 rdacarrier | ||
| 700 | 1 | |a Jünger, Jana |d 1963- |0 (DE-588)118115979 |0 (DE-627)07925246X |0 (DE-576)291723128 |4 aut | |
| 700 | 1 | |a Robra, Bernt-Peter |d 1950- |0 (DE-588)170624226 |0 (DE-627)060739045 |0 (DE-576)131492047 |4 aut | |
| 700 | 1 | |a Schmidt, Anita |4 oth | |
| 700 | 1 | |a Stosch, Christoph |4 oth | |
| 700 | 1 | |a Wagner, Richard |4 oth | |
| 700 | 1 | |a Scherer, Martin |d 1972- |0 (DE-588)122570014 |0 (DE-627)705956040 |0 (DE-576)293328749 |4 oth | |
| 700 | 1 | |a Pöge, Kathleen |4 oth | |
| 700 | 1 | |a Alfermann, Dorothee |d 1949- |0 (DE-588)129010731 |0 (DE-627)387605258 |0 (DE-576)171367847 |4 oth | |
| 700 | 1 | |a Wonneberger, Carsten |4 oth | |
| 700 | 1 | |a Gedrose, Benjamin |0 (DE-588)1047732858 |0 (DE-627)77902351X |0 (DE-576)40155323X |4 oth | |
| 773 | 0 | 8 | |i In |t Perspektiven junger Ärztinnen und Ärzte in der Patientenversorgung |d Köln : Dt. Ärzte-Verl., 2013 |g (2013), Seite 149-161 |h XIII, 238 S. |w (DE-627)720157862 |w (DE-576)382048482 |z 376913527X |z 9783769135275 |7 nnam |a Berufsvorstellungen, berufliche Lage und soziale Situation von Ärztinnen und Ärzten am Studienende und zu Weiterbildungsbeginn erste Ergebnisse der KarMed-Studie |
| 773 | 1 | 8 | |g year:2013 |g pages:149-161 |g extent:13 |a Berufsvorstellungen, berufliche Lage und soziale Situation von Ärztinnen und Ärzten am Studienende und zu Weiterbildungsbeginn erste Ergebnisse der KarMed-Studie |
| 951 | |a AR | ||
| 992 | |a 20230104 | ||
| 993 | |a ConferencePaper | ||
| 994 | |a 2013 | ||
| 998 | |g 118115979 |a Jünger, Jana |m 118115979:Jünger, Jana |d 910000 |d 910600 |e 910000PJ118115979 |e 910600PJ118115979 |k 0/910000/ |k 1/910000/910600/ |p 2 | ||
| 999 | |a KXP-PPN737122021 |e 4243667810 | ||
| BIB | |a Y | ||
| JSO | |a {"id":{"eki":["737122021"]},"language":["ger"],"physDesc":[{"extent":"13 S."}],"origin":[{"dateIssuedDisp":"2013","dateIssuedKey":"2013"}],"type":{"bibl":"chapter"},"name":{"displayForm":["Hendrik van den Bussche, Jana Jünger, Bernt-Peter Robra, A n i t a Schmidt, Christoph Stosch, Richard Wagner, Martin Scherer, Kathleen Pöge, Dorothee Alfermann, Carsten Wonneberger, Benjamin Cedrose"]},"person":[{"role":"aut","display":"Bussche, Hendrik van den","given":"Hendrik van den","family":"Bussche"},{"family":"Jünger","role":"aut","given":"Jana","display":"Jünger, Jana"},{"family":"Robra","role":"aut","given":"Bernt-Peter","display":"Robra, Bernt-Peter"},{"family":"Schmidt","given":"Anita","display":"Schmidt, Anita","role":"oth"},{"family":"Stosch","given":"Christoph","display":"Stosch, Christoph","role":"oth"},{"given":"Richard","display":"Wagner, Richard","role":"oth","family":"Wagner"},{"family":"Scherer","role":"oth","display":"Scherer, Martin","given":"Martin"},{"display":"Pöge, Kathleen","given":"Kathleen","role":"oth","family":"Pöge"},{"role":"oth","given":"Dorothee","display":"Alfermann, Dorothee","family":"Alfermann"},{"family":"Wonneberger","given":"Carsten","display":"Wonneberger, Carsten","role":"oth"},{"family":"Gedrose","role":"oth","given":"Benjamin","display":"Gedrose, Benjamin"}],"recId":"737122021","relHost":[{"origin":[{"publisherPlace":"Köln","dateIssuedDisp":"c2013","dateIssuedKey":"2013","publisher":"Dt. Ärzte-Verl."}],"name":{"displayForm":["C. Fuchs ... (Hrsg.). [Bundesärztekammer]"]},"type":{"bibl":"edited-book"},"person":[{"family":"Fuchs","display":"Fuchs, Christoph","given":"Christoph","role":"edt"}],"recId":"720157862","relMultPart":[{"part":{"number_sort":["6"],"number":["6"]},"disp":"Report Versorgungsforschung","dispAlt":"Report Versorgungsforschung","language":["ger"],"id":{"zdb":["2541249-8"],"eki":["619487771"]},"pubHistory":["1.2008 -"],"type":{"bibl":"serial"},"origin":[{"dateIssuedDisp":"2008-","publisherPlace":"Köln","dateIssuedKey":"2008","publisher":"Dt. Ärzte-Verl."}],"recId":"619487771","title":[{"title":"Report Versorgungsforschung","title_sort":"Report Versorgungsforschung"}]}],"corporate":[{"role":"oth","display":"Bundesärztekammer"}],"title":[{"title":"Perspektiven junger Ärztinnen und Ärzte in der Patientenversorgung","subtitle":"eine Herausforderung für die gesamte Ärzteschaft; mit 20 Tabellen","title_sort":"Perspektiven junger Ärztinnen und Ärzte in der Patientenversorgung"}],"note":["Literaturangaben"],"disp":"Berufsvorstellungen, berufliche Lage und soziale Situation von Ärztinnen und Ärzten am Studienende und zu Weiterbildungsbeginn erste Ergebnisse der KarMed-StudiePerspektiven junger Ärztinnen und Ärzte in der Patientenversorgung","part":{"extent":"13","year":"2013","text":"(2013), Seite 149-161","pages":"149-161"},"id":{"isbn":["376913527X","9783769135275"],"eki":["720157862"]},"physDesc":[{"extent":"XIII, 238 S.","noteIll":"graph. Darst.","noteFormat":"238 mm x 165 mm"}],"language":["ger"]}],"title":[{"subtitle":"erste Ergebnisse der KarMed-Studie","title_sort":"Berufsvorstellungen, berufliche Lage und soziale Situation von Ärztinnen und Ärzten am Studienende und zu Weiterbildungsbeginn","title":"Berufsvorstellungen, berufliche Lage und soziale Situation von Ärztinnen und Ärzten am Studienende und zu Weiterbildungsbeginn"}]} | ||
| SRT | |a BUSSCHEHENBERUFSVORS2013 | ||